00978nam a2200253 i 450000500170000000800410001702000380005804000280009608200140012410000280013824501120016624600590027826400680033730000480040533600210045333700250047433800230049949000500052265000210057265000240059365000220061770000330063983000520067220260505121120.0260504s2025 my a gr 000 0 eng d a9786297706504cRM18.00qpaperback aPPAK bengcPPAK erda 04223a155.40 aSudha Kudva, eauthor. 10aParenting Journey? Oops, No! : bRELATIONSHIP JOURNEY / cSudha Kudva ; Layout & Cover Design: Iqmal Izzat 33aRELATIONSHIP JOURNEY : bParenting Journey? Oops, No!  1aSeri Kembangan, Selangor : bFIRDAUS PRESS PUBLICATIONS, c2025 a93 pages : bcolour illustrations ; c21 cm atext2rdacontent aunmediated2rdamedia avolume2rdacarrier1 aExploring Health : MENTAL-EMOTIONAL-PHYSICAL 10aChild psychology20aChild mental health20aChild development0 aIqmal Izzat, eillustrator.  0aExploring health : mental, emotional, physical